000 00679nam a2200229 a 4500
001 14168
003 BD-JhCC
005 20250205123604.0
008 250204b1997 e a|||| ||a| 001 0 eng d
020 _a0201895420
035 _a(BD-JhCC)14168
040 _aBD-JhCC
_dBD-JhCC
041 _aEnglish
082 _a005.1
_bFOW 1997
100 _a Fowler,Martin
245 _a Analysis patterns : reusable object models
_breusable object models /
_cMartin Fowler.
260 _aNew York:
_bAddison-Wesley Pub;
_c1997.
300 _axxi, 357 p. :
_bill;
_c24 cm.
651 _aAnalyse de systèmes
_vSoftware
_xSysteemanalyse
_zSystem analysis
942 _2ddc
_cBK
999 _c14168
_d14168